| 000 | 00678nam a2200169 i 4500 | ||
|---|---|---|---|
| 001 | 164393 | ||
| 003 | ES-MaACL | ||
| 005 | 20230906212928.0 | ||
| 008 | 970401s1873 sp |||| | spa d | ||
| 100 | 1 |
_aSala, Pedro Pascual de la. _9132313 |
|
| 245 | 1 | 0 |
_aApuntes sobre la abolición de las quintas y reemplazo del ejército con voluntarios / _cpor Pedro P. de la Sala. |
| 260 |
_aMadrid : _b[s.n.], _c1873 ( _fImp., fundición y estereotipia de Juan Aguado) |
||
| 300 |
_a149 p. ; _c22 cm. |
||
| 650 | 4 |
_aReclutamiento y alistamiento. _9136806 |
|
| 852 |
_aES-MaACL _jT-271-F-10 _z- Enc. hol., falto de cub. original _z- Enc. en un vol. facticio |
||
| 852 |
_aES-MaACL _jB-5648 |
||
| 999 |
_c164393 _d164393 |
||